Normal view
MARC view
Entry Nombre personal
001 - NÚMERO DE CONTROL
- campo de control: 85045
003 - IDENTIFICADOR DEL NÚMERO DE CONTROL
- campo de control: DO-SdBNP
005 - FECHA Y HORA DE LA ÚLTIMA TRANSACCIÓN
- campo de control: 20240314121017.0
008 - DATOS DE LONGITUD FIJA
- campo de control de longitud fija: 240314|| aca||aabn | a|a d
040 ## - FUENTE DE LA CATALOGACIÓN
- Centro catalogador/agencia de origen: DO-SdBNP
- Centro/agencia transcriptor: DO-SdBNP
100 ## - ENCABEZAMIENTO-NOMBRE DE PERSONA
- Nombre de persona: Caamaño Deñó, Francisco Alberto,
- Fechas asociadas al nombre: 1932-1973
- Subdivisión general: Correspondenica, memorias, etc
670 ## - FUENTE DE DATOS ENCONTRADOS
- Cita de la fuente: Work cat.: (DO-SdBNP)56106: Caamaño Deñó, Francisco Alberto, 1932-1973 autor, Documentos, informes, apuntes y estudios (1967-1973) /
